000 00456nam a2200157 i 4500
001 bg
100 1 _aGrzywa, Edward
_d(1933- ).
245 0 _aTechnologia podstawowych syntez organicznych.
_nT. 2,
_pSyntezy /
_cE. Grzywa, J. Molenda.
260 _aWarszawa :
_bWydawnictwa Naukowo-Techniczne,
_c1989.
700 1 _aMolenda, Jacek.
040 _cBPK
041 _apol
080 _a661.7(075.8)
942 _cKS
008 s pl f |000 0 pol
999 _c29036
_d29036
856 _uhttp://koha.tu.koszalin.pl/cgi-bin/koha/opac-detail.pl?biblionumber=29036
_yKatalog online BPK